| 000 | 00928nam a22003137a 4500 | ||
|---|---|---|---|
| 003 | IBSLLIB | ||
| 005 | 20260515074743.0 | ||
| 008 | 260515b |||||||| |||| 00| 0 eng d | ||
| 020 | _a0684827034 | ||
| 040 |
_aIBSLLIB _beng |
||
| 041 | _hEng | ||
| 082 |
_a332.6 _bDAV |
||
| 100 | _aDavid | ||
| 245 |
_aThe Motley Fool Investment Guide : _bHow the fool beats wall street's wise men and how you can too |
||
| 260 |
_aNew York : _bSimon & Schuster Inc , _c1996 |
||
| 300 |
_a297 p ; _c22 cm |
||
| 505 | _aWho, What, Why, and How | ||
| 505 | _aThe Dow dividend strategy | ||
| 505 | _aBuilding foolish investment portfolio | ||
| 505 | _aSmall cap growth stocks | ||
| 505 | _aShorting stocks | ||
| 505 | _aConclusion | ||
| 650 | _aSocial science | ||
| 650 | _aEconomics | ||
| 653 | _aPortfolio management | ||
| 653 | _aInvestment analysis | ||
| 700 |
_aGardner , Tom _eCo-Author |
||
| 942 | _cLBK | ||
| 999 |
_c22141 _d22141 |
||